[Event "Alexandria op 22nd"]
[Site "Alexandria"]
[Date "2017.08.02"]
[Round "1"]
[White "Gabr, Mohsen"]
[Black "Ramadan, Moustafa"]
[Result "1-0"]
[WhiteElo "2313"]
[BlackElo "1933"]
[PlyCount "95"]
[EventDate "2017.08.02"]
[EventType "swiss"]
[EventRounds "10"]
[EventCountry "EGY"]
[SourceTitle "CBM 180 Extra"]
[Source "ChessBase"]
[SourceDate "2017.10.06"]
[SourceVersion "1"]
[SourceVersionDate "2017.10.06"]
[SourceQuality "1"]

1. Nf3 Nc6 2. d4 e6 3. g3 Nf6 4. Bg2 d5 5. 0-0 Be7 6. b3 0-0 7. Bb2 a5 8. a3 a4 9. b4 Ne4 10. Nfd2 f5 11. c4 Bf6 12. e3 Ne7 13. Qc2 Bd7 14. Nf3 c6 15. c5 b5 16. cxb6 Qxb6 17. Ne5 Be8 18. Nd2 Qa6 19. Rfe1 Rc8 20. Nd3 Ra8 21. Rac1 Bf7 22. Nf3 Ng6 23. Bf1 Qb6 24. Qxc6 Qxc6 25. Rxc6 h5 26. h4 Ne7 27. Rc2 g5 28. hxg5 Nxg5 29. Nxg5 Bxg5 30. Ne5 Be8 31. Rc7 Ng6 32. Rec1 Nxe5 33. dxe5 h4 34. gxh4 Bxh4 35. f4 Kh8 36. R1c2 Rg8+ 37. Bg2 Bb5 38. Kh1 Bd8 39. Rb7 Bd3 40. Rd2 Ba6 41. Rf7 Rg3 42. Bxd5 exd5 43. e6+ Kg8 44. Rh2 d4 45. Bxd4 Bb7+ 46. Rxb7 Kf8 47. Rh8+ Rg8 48. Bg7+ 1-0

[Event "Alexandria op 18th"]
[Site "Alexandria"]
[Date "2012.08.27"]
[Round "1"]
[White "Ramadan, Moustafa"]
[Black "Sadek, Sameh"]
[Result "0-1"]
[WhiteElo "2001"]
[BlackElo "2373"]
[PlyCount "107"]
[EventDate "2012.08.27"]
[EventType "swiss"]
[EventRounds "9"]
[EventCountry "EGY"]
[SourceTitle "CBM 150 Extra"]
[Source "ChessBase"]
[SourceDate "2012.10.19"]
[SourceVersion "1"]
[SourceVersionDate "2012.10.19"]
[SourceQuality "1"]

1. e4 c5 2. Nf3 e6 3. d4 cxd4 4. Nxd4 Nf6 5. Bd3 Nc6 6. Nxc6 dxc6 7. 0-0 e5 8. Nc3 Bg4 9. f3 Be6 10. Be3 Nd7 11. Qe2 Bc5 12. Bxc5 Nxc5 13. Kh1 Qb6 14. Rab1 0-0-0 15. Bc4 Rd4 16. Bxe6+ Nxe6 17. Rfd1 Rhd8 18. Rxd4 exd4 19. Nd1 d3 20. cxd3 Nf4 21. Qe3 Qa6 22. Nf2 Nxd3 23. Nxd3 Qxd3 24. Qxd3 Rxd3 25. Kg1 Rd2 26. Kf1 Kc7 27. a3 Kb6 28. b3 Kc5 29. Rc1+ Kd4 30. Rc4+ Ke3 31. Rc3+ Rd3 32. Rxd3+ Kxd3 33. Kf2 c5 34. e5 Kd4 35. f4 Ke4 36. g3 b5 37. Ke2 g5 38. fxg5 Kxe5 39. h4 Ke4 40. Kf2 Kd3 41. Kf3 c4 42. bxc4 bxc4 43. Kf4 c3 44. Kf5 c2 45. Kf6 c1Q 46. Kxf7 Ke4 47. Kg7 Kf5 48. Kxh7 Qc7+ 49. Kh6 Qf7 50. g4+ Kxg4 51. g6 Qg8 52. g7 Kf5 53. a4 Kf6 54. a5 0-1